Improving the quality of science classroom discourse on controversial issues (Record no. 70257)
[ view plain ]
| 000 -CABECERA | |
|---|---|
| campo de control de longitud fija | 00693nam a2200241 a 4500 |
| 005 - FECHA Y HORA DE LA ÚLTIMA TRANSACCIÓN | |
| campo de control | 20210219153157.0 |
| 008 - ELEMENTOS DE LONGITUD FIJA--INFORMACIÓN GENERAL | |
| campo de control de longitud fija | 991125n 000 0 u |
| 035 ## - NÚMERO DE CONTROL DEL SISTEMA | |
| Número de control de sistema | UPN01000082062 |
| 100 ## - ASIENTO PRINCIPAL--NOMBRE PERSONAL | |
| Nombre de persona | Geddis, A. N. |
| 222 ## - TÍTULO CLAVE | |
| Título clave | SCIENCE EDUCATION |
| 245 ## - MENCIÓN DE TÍTULO | |
| Título | Improving the quality of science classroom discourse on controversial issues |
| 300 ## - DESCRIPCIÓN FÍSICA | |
| Extensión | 169-183 |
| 362 ## - FECHAS DE PUBLICACIÓN Y/O DESIGNACIÓN SECUENCIAL | |
| Fecha de publicación y/o designación secuencial | 75, No. 2, 1991 |
| 505 ## - NOTA DE CONTENIDO CON FORMATO PREESTABLECIDO | |
| Nota de contenido con formato | Noviembre 1993 |
| 653 0# - TERMINO DE INDIZACION - NO CONTROLADO | |
| Término no controlado | APRENDIZAJE CONSTRUCTIVO |
| 653 0# - TERMINO DE INDIZACION - NO CONTROLADO | |
| Término no controlado | CIENCIA Y SOCIEDAD |
| 653 0# - TERMINO DE INDIZACION - NO CONTROLADO | |
| Término no controlado | DISCUSION (TECNICA DE ENSE\197ANZA) |
| 653 0# - TERMINO DE INDIZACION - NO CONTROLADO | |
| Término no controlado | EDUCACION CIENTIFICA |
| 653 0# - TERMINO DE INDIZACION - NO CONTROLADO | |
| Término no controlado | LLUVIA ACIDA |
| 653 0# - TERMINO DE INDIZACION - NO CONTROLADO | |
| Término no controlado | PROBLEMAS SOCIALES |
| 904 ## - ELEMENTOS DE DATOS D LOCAL, LDD (RLIN) | |
| a | AC |
| b | 019873 |
| 905 ## - TIPO DE MATERIAL | |
| Tipo de material | Articulo |
No items available.
